Právní praxe v podnikání

Salvato in:
Dettagli Bibliografici
Natura: Periodico
Lingua:ceco
Pubblicazione: Praha Komora komerčních právníků ČR 1996
Tags: Aggiungi Tag
Nessun Tag, puoi essere il primo ad aggiungerne!!

MARC

LEADER 00000nas2a2200000 4500
001 s107443
005 20250724082519.3
022 |a 1210-4043 
041 0 |a cze 
044 |a CZ 
245 1 0 |a Právní praxe v podnikání 
264 1 |a Praha  |b Komora komerčních právníků ČR  |c 1996 
300 |a 1 zv.